| 000 | 00418nam a22001697a 4500 | ||
|---|---|---|---|
| 003 | NUST - PNEC | ||
| 005 | 20170116181151.0 | ||
| 008 | 151201b xxu||||| |||| 00| 0 eng d | ||
| 020 | _a0712678263 | ||
| 040 | _cLIBRARY | ||
| 082 | _a813.54 GRI | ||
| 100 |
_915465 _aGrisham, John |
||
| 245 |
_aThe testament _cJohn Grisham |
||
| 260 | _cc1999. | ||
| 650 |
_915466 _aWomen missionaries _xGeneral |
||
| 942 |
_2ddc _cBK |
||
| 999 |
_c70973 _d70973 |
||